[Event "Titled Tuesday intern op 23rd Jul Late"]
[Site "Chess.com INT"]
[Date "2024.07.23"]
[Round "1"]
[White "Dourerassou, Jonathan"]
[Black "Buchenau, Frank"]
[Result "1-0"]
[WhiteElo "2422"]
[BlackElo "2174"]
[PlyCount "121"]
[EventDate "2024.07.23"]
[EventType "swiss (blitz)"]
[EventRounds "11"]
[EventCountry "USA"]
[SourceTitle "EXT 2025"]
[Source "ChessBase"]
[SourceDate "2024.10.14"]
[SourceVersion "1"]
[SourceVersionDate "2024.10.14"]
[SourceQuality "1"]

1. d4 e6 2. Nc3 Nf6 3. e4 d5 4. Bg5 dxe4 5. Nxe4 Be7 6. Nxf6+ Bxf6 7. Be3 c5 8. Nf3 Nc6 9. c3 cxd4 10. Nxd4 Nxd4 11. cxd4 Qa5+ 12. Qd2 Qxd2+ 13. Kxd2 0-0 14. Rd1 Rd8 15. Kc2 Bd7 16. Be2 Bc6 17. f3 Rac8 18. Kb1 Rd7 19. Rd2 Rcd8 20. Rhd1 Ba4 21. b3 Bc6 22. Bc4 a6 23. Be2 Be7 24. Rc2 Bd5 25. Bc4 Bf6 26. Be2 Kf8 27. Bc1 Ke8 28. Bb2 Kf8 29. Ba3+ Kg8 30. Bc5 Rc8 31. Bb6 Rxc2 32. Kxc2 Rd6 33. Ba5 Rc6+ 34. Bc3 b5 35. Kb2 Rc8 36. Be1 h6 37. Bf2 Kf8 38. Be3 Ke8 39. Bd3 Kd7 40. Rd2 Ke8 41. Be4 Rd8 42. Bd3 Rc8 43. Rc2 Rxc2+ 44. Kxc2 Kd7 45. Kc3 Kc6 46. a4 Be7 47. Bf4 Bf8 48. h4 h5 49. Be5 f6 50. Bf4 Be7 51. Bg6 bxa4 52. bxa4 Kb6 53. Bxh5 Ka5 54. Be8 Bb4+ 55. Kd3 Be1 56. h5 Kb4 57. Bd6+ Ka5 58. Bf8 Bb3 59. Bxg7 f5 60. h6 Bxa4 61. Bxa4 1-0

[Event "Titled Tuesday intern op 23rd Jul Late"]
[Site "Chess.com INT"]
[Date "2024.07.23"]
[Round "7"]
[White "Dourerassou, Jonathan"]
[Black "Slovineanu, Viacheslav"]
[Result "0-1"]
[WhiteElo "2422"]
[BlackElo "2412"]
[PlyCount "120"]
[EventDate "2024.07.23"]
[EventType "swiss (blitz)"]
[EventRounds "11"]
[EventCountry "USA"]
[SourceTitle "EXT 2025"]
[Source "ChessBase"]
[SourceDate "2024.10.14"]
[SourceVersion "1"]
[SourceVersionDate "2024.10.14"]
[SourceQuality "1"]

1. e4 c6 2. d4 d5 3. Nc3 dxe4 4. Nxe4 Nf6 5. Nxf6+ exf6 6. c3 Bd6 7. Bd3 Na6 8. Qc2 h5 9. Ne2 Nc7 10. Bd2 Be6 11. 0-0-0 b5 12. Kb1 a5 13. Nf4 Bxf4 14. Bxf4 Nd5 15. Bd2 a4 16. Rhe1 Kf8 17. Re2 Qd6 18. h3 h4 19. Rde1 Re8 20. c4 bxc4 21. Bxc4 a3 22. b3 Rh5 23. Ka1 Nf4 24. Bxf4 Qxd4+ 25. Kb1 Qxf4 26. Bxe6 Rxe6 27. Rxe6 fxe6 28. Rxe6 Rd5 29. Rxc6 Rd2 30. Rc8+ Kf7 31. Rc7+ Kg8 32. Rc8+ Kf7 33. Qc7+ Qxc7 34. Rxc7+ Kg6 35. Rc2 Rd1+ 36. Rc1 Rd2 37. Rf1 Rb2+ 38. Ka1 Kf5 39. g3 g5 40. gxh4 gxh4 41. Rb1 Rxf2 42. b4 Ke6 43. b5 Kd7 44. Rc1 Rb2 45. Rc3 Rxb5 46. Rxa3 Rg5 47. Re3 Rg3 48. Re4 Rxh3 49. Kb2 f5 50. Re5 Rf3 51. Kc2 h3 52. Kd2 h2 53. Re1 Rg3 54. Rh1 Rg2+ 55. Ke3 Rxa2 56. Kf4 Ke6 57. Kg3 Kf6 58. Kh3 Kg5 59. Kg3 f4+ 60. Kf3 Kf5 0-1

[Event "Quenza Rapid op 13th"]
[Site "Quenza"]
[Date "2024.07.07"]
[Round "3"]
[White "Bellet, Georges"]
[Black "Dourerassou, Jonathan"]
[Result "0-1"]
[WhiteElo "2116"]
[BlackElo "2422"]
[PlyCount "76"]
[EventDate "2024.07.07"]
[EventType "swiss (rapid)"]
[EventRounds "9"]
[EventCountry "FRA"]
[SourceTitle "CBM 221 Extra"]
[Source "ChessBase"]
[SourceDate "2024.09.30"]
[SourceVersion "1"]
[SourceVersionDate "2024.09.30"]
[SourceQuality "1"]

1. e4 c5 2. Nf3 e6 3. d4 cxd4 4. Nxd4 Nf6 5. Nc3 Nc6 6. Be3 Bb4 7. Nxc6 bxc6 8. Bd3 d5 9. exd5 exd5 10. Bd2 Bg4 11. Ne2 Bd6 12. h3 Bh5 13. Bg5 0-0 14. Qd2 Re8 15. g4 Bg6 16. Bxg6 hxg6 17. 0-0-0 Qb6 18. Bxf6 gxf6 19. Nf4 Rab8 20. b3 Re4 21. Nd3 c5 22. f3 Rd4 23. c3 Bf4 24. Nxf4 Rxd2 25. Rxd2 d4 26. Nd5 Qd6 27. c4 Re8 28. Kc2 Kg7 29. f4 Qe6 30. Rf1 Qe4+ 31. Kc1 Rh8 32. g5 f5 33. Nf6 Qe3 34. Nd5 Qxh3 35. Re1 Qg3 36. Re7 Rh1+ 37. Kc2 Qg1 38. b4 Qb1# 0-1

[Event "Quenza Rapid op 13th"]
[Site "Quenza"]
[Date "2024.07.07"]
[Round "8"]
[White "Dourerassou, Jonathan"]
[Black "De Seroux, Camille"]
[Result "1-0"]
[WhiteElo "2422"]
[BlackElo "2113"]
[PlyCount "65"]
[EventDate "2024.07.07"]
[EventType "swiss (rapid)"]
[EventRounds "9"]
[EventCountry "FRA"]
[SourceTitle "CBM 221 Extra"]
[Source "ChessBase"]
[SourceDate "2024.09.30"]
[SourceVersion "1"]
[SourceVersionDate "2024.09.30"]
[SourceQuality "1"]

1. e4 Nc6 2. Nc3 e6 3. Bb5 Nd4 4. Ba4 a6 5. Nf3 Bc5 6. Nxd4 Bxd4 7. Ne2 Ba7 8. d4 b5 9. Bb3 Bb7 10. Ng3 Qh4 11. Qd3 Nf6 12. f3 c5 13. dxc5 Bxc5 14. Be3 Bxe3 15. Qxe3 0-0 16. 0-0 d5 17. e5 Nd7 18. Rad1 Rac8 19. Rd4 Qe7 20. c3 Nc5 21. Bc2 f6 22. exf6 Rxf6 23. Rh4 g6 24. Rg4 Nd7 25. Nh5 Rf7 26. Kh1 Nf6 27. Bxg6 hxg6 28. Rxg6+ Kf8 29. Nxf6 Rxf6 30. Qh6+ Ke8 31. Rxf6 Kd7 32. Re1 Rc6 33. Qg6 1-0

[Event "French Blitz op"]
[Site "Saint Maur des Fosses"]
[Date "2024.06.16"]
[Round "10"]
[White "Papadiamandis, Elliot"]
[Black "Dourerassou, Jonathan"]
[Result "1-0"]
[WhiteElo "2324"]
[BlackElo "2422"]
[PlyCount "69"]
[EventDate "2024.06.16"]
[EventType "swiss (blitz)"]
[EventRounds "13"]
[EventCountry "FRA"]
[SourceTitle "CBM 220 Extra"]
[Source "ChessBase"]
[SourceDate "2024.07.31"]
[SourceVersion "1"]
[SourceVersionDate "2024.07.31"]
[SourceQuality "1"]

1. e4 c5 2. Nf3 e6 3. d4 cxd4 4. Nxd4 Nf6 5. Bd3 Nc6 6. Nxc6 dxc6 7. 0-0 e5 8. Nd2 Bd6 9. Nc4 Bc7 10. Bg5 h6 11. Bh4 Be6 12. Qf3 Qe7 13. Bxf6 gxf6 14. Ne3 0-0-0 15. a4 h5 16. a5 a6 17. Nf5 Qc5 18. Ng7 Rh6 19. Nf5 Rhh8 20. Ng7 Rh6 21. Nf5 Bxf5 22. Qxf5+ Kb8 23. b4 Qxb4 24. Bxa6 Qc5 25. Rab1 Ka7 26. Rxb7+ Kxa6 27. Rxc7 Rg6 28. Rxf7 Rdg8 29. g3 R6g7 30. Rxg7 Rxg7 31. Qc8+ Ka7 32. Rb1 h4 33. Rb6 Qxb6 34. axb6+ Kxb6 35. Qd8+ 1-0

[Event "French Rapid op"]
[Site "Saint Maur des Fosses"]
[Date "2024.06.15"]
[Round "7"]
[White "Chabanon, Jean Luc"]
[Black "Dourerassou, Jonathan"]
[Result "0-1"]
[WhiteElo "2400"]
[BlackElo "2422"]
[PlyCount "84"]
[EventDate "2024.06.15"]
[EventType "swiss (rapid)"]
[EventRounds "9"]
[EventCountry "FRA"]
[SourceTitle "CBM 220 Extra"]
[Source "ChessBase"]
[SourceDate "2024.07.31"]
[SourceVersion "1"]
[SourceVersionDate "2024.07.31"]
[SourceQuality "1"]

1. Nf3 Nf6 2. g3 g6 3. Bg2 d5 4. 0-0 Bg7 5. c4 0-0 6. cxd5 Nxd5 7. d4 Nc6 8. e4 Nb6 9. d5 Ne5 10. Nxe5 Bxe5 11. Nc3 e6 12. Qb3 exd5 13. exd5 a5 14. a4 Bf5 15. Be3 Qd6 16. Qb5 Bd7 17. Qe2 Rfe8 18. Nb5 Qb4 19. d6 Bxd6 20. Nxd6 cxd6 21. Bxb7 Rab8 22. Bg2 Nc4 23. Bd5 Nxe3 24. fxe3 Be6 25. Bxe6 Rxe6 26. Rf2 Qe4 27. Rd1 Qxa4 28. Rd4 Qb3 29. Qf3 Rxe3 30. Qf4 Re1+ 31. Kg2 Qb7+ 32. Kh3 Qd7+ 33. Kg2 Qb7+ 34. Kh3 Re5 35. Qf6 Rh5+ 36. Rh4 Qd7+ 37. Kg2 Rxh4 38. Qxh4 Qe6 39. Qd4 h5 40. Qc3 Qd5+ 41. Kh3 h4 42. gxh4 Rb3 0-1

[Event "French Rapid op"]
[Site "Saint Maur des Fosses"]
[Date "2024.06.15"]
[Round "2"]
[White "Dourerassou, Jonathan"]
[Black "Boulos, Paul"]
[Result "1-0"]
[WhiteElo "2422"]
[BlackElo "2063"]
[PlyCount "55"]
[EventDate "2024.06.15"]
[EventType "swiss (rapid)"]
[EventRounds "9"]
[EventCountry "FRA"]
[SourceTitle "CBM 220 Extra"]
[Source "ChessBase"]
[SourceDate "2024.07.31"]
[SourceVersion "1"]
[SourceVersionDate "2024.07.31"]
[SourceQuality "1"]

1. d4 d5 2. Bf4 Nf6 3. e3 e6 4. Nf3 Bd6 5. Bg3 0-0 6. Nbd2 c5 7. c3 Qc7 8. Bd3 Nbd7 9. Qe2 e5 10. dxe5 Nxe5 11. Nxe5 Bxe5 12. Nf3 Bxg3 13. hxg3 h6 14. 0-0-0 Bg4 15. Rh4 d4 16. exd4 cxd4 17. c4 b5 18. Kb1 Rfe8 19. Qc2 bxc4 20. Qxc4 Qb6 21. Qb5 Qd6 22. Bc2 Rac8 23. Qd3 h5 24. Rc1 Ne4 25. Nxd4 Rcd8 26. f3 Qxd4 27. Qxd4 Rxd4 28. Bxe4 1-0

[Event "Titled Tuesday intern op 11th Jun Late"]
[Site "Chess.com INT"]
[Date "2024.06.11"]
[Round "9"]
[White "Hernando Rodrigo, Julio Antonio"]
[Black "Dourerassou, Jonathan"]
[Result "0-1"]
[WhiteElo "2233"]
[BlackElo "2422"]
[PlyCount "68"]
[EventDate "2024.06.11"]
[EventType "swiss (blitz)"]
[EventRounds "11"]
[EventCountry "USA"]
[SourceTitle "EXT 2025"]
[Source "ChessBase"]
[SourceDate "2024.10.14"]
[SourceVersion "1"]
[SourceVersionDate "2024.10.14"]
[SourceQuality "1"]

1. d4 Nf6 2. c4 g6 3. Nc3 d5 4. Bg5 Ne4 5. Bh4 Nxc3 6. bxc3 Bg7 7. e3 0-0 8. Nf3 dxc4 9. Bxc4 b6 10. 0-0 Bb7 11. Ne5 Nd7 12. f4 Nf6 13. Qb3 e6 14. a4 Qd6 15. Bxf6 Bxf6 16. a5 Bg7 17. a6 Be4 18. Rfd1 c5 19. Nxf7 Rxf7 20. Bxe6 Raf8 21. dxc5 Qxc5 22. Rd7 Qxe3+ 23. Kh1 Qxf4 24. Rxa7 Be5 25. Bxf7+ Kh8 26. Kg1 Qxh2+ 27. Kf2 Qxg2+ 28. Ke3 Qf3+ 29. Kd2 Bf4+ 30. Ke1 Qh1+ 31. Ke2 Qg2+ 32. Ke1 Qd2+ 33. Kf1 Bd3+ 34. Kg1 Qh2# 0-1

[Event "Titled Tuesday intern op 04th Jun Late"]
[Site "Chess.com INT"]
[Date "2024.06.04"]
[Round "6"]
[White "Dourerassou, Jonathan"]
[Black "Makarian, Rudik"]
[Result "0-1"]
[WhiteElo "2422"]
[BlackElo "2524"]
[PlyCount "80"]
[EventDate "2024.06.04"]
[EventType "swiss (blitz)"]
[EventRounds "11"]
[EventCountry "USA"]
[SourceTitle "EXT 2025"]
[Source "ChessBase"]
[SourceDate "2024.10.14"]
[SourceVersion "1"]
[SourceVersionDate "2024.10.14"]
[SourceQuality "1"]

1. d4 Nf6 2. Bg5 d5 3. Bxf6 exf6 4. e3 c6 5. g3 Bd6 6. Nd2 0-0 7. Bg2 f5 8. Ne2 Nd7 9. 0-0 Nf6 10. c4 Be6 11. Qc2 Ne4 12. cxd5 cxd5 13. Nc3 Rc8 14. Ndxe4 dxe4 15. Rfd1 b5 16. d5 Bd7 17. Qb3 b4 18. Ne2 Qa5 19. a4 bxa3 20. bxa3 Ba4 21. Qb1 Rb8 22. Qc1 Bxd1 23. Qxd1 Rb2 24. Bh3 g6 25. Bf1 Rd2 26. Qb3 Qxd5 27. Qxd5 Rxd5 28. a4 Be5 29. Rb1 Rfd8 30. Kg2 h5 31. Nf4 Bxf4 32. gxf4 Rd1 33. Rb7 R8d7 34. Rb8+ Kg7 35. Bb5 Rc7 36. Be2 Rd2 37. Bb5 Rcc2 38. Rb7 Rxf2+ 39. Kg1 Rg2+ 40. Kf1 Rxh2 0-1

[Event "Titled Tuesday intern op 04th Jun Late"]
[Site "Chess.com INT"]
[Date "2024.06.04"]
[Round "11"]
[White "Dourerassou, Jonathan"]
[Black "Svane, Rasmus"]
[Result "0-1"]
[WhiteElo "2422"]
[BlackElo "2633"]
[PlyCount "100"]
[EventDate "2024.06.04"]
[EventType "swiss (blitz)"]
[EventRounds "11"]
[EventCountry "USA"]
[SourceTitle "EXT 2025"]
[Source "ChessBase"]
[SourceDate "2024.10.14"]
[SourceVersion "1"]
[SourceVersionDate "2024.10.14"]
[SourceQuality "1"]

1. d4 Nf6 2. Bg5 d5 3. Bxf6 exf6 4. e3 Bd6 5. g3 0-0 6. Bg2 c6 7. Nd2 Be6 8. Ne2 Nd7 9. 0-0 Re8 10. Rc1 Nb6 11. c3 a5 12. b3 Ba3 13. Nf4 Bxc1 14. Qxc1 a4 15. b4 Nc8 16. a3 Nd6 17. Nd3 Bf5 18. Nf4 g5 19. Ne2 Bd3 20. Re1 f5 21. Qd1 Qf6 22. Nc1 Bb5 23. Nf3 Nc4 24. Nd3 Nxa3 25. Nc5 b6 26. Nd7 Qd8 27. Nde5 Nc4 28. Qc2 Nxe5 29. Nxe5 f6 30. Nf3 Qd7 31. Nd2 a3 32. Ra1 Ra6 33. Bh3 g4 34. Bf1 Rea8 35. Ra2 Bxf1 36. Kxf1 Qe6 37. Kg2 Kg7 38. Qd3 h5 39. Kg1 b5 40. Qc2 R6a7 41. Qc1 Kg6 42. Kg2 h4 43. gxh4 Rh8 44. Rxa3 Rah7 45. Qb1 Rxh4 46. Nf1 Qd6 47. Ng3 Rxh2+ 48. Kg1 Rh1+ 49. Nxh1 Qh2+ 50. Kf1 Qxh1+ 0-1

[Event "Titled Tuesday intern op 28th May Late"]
[Site "Chess.com INT"]
[Date "2024.05.28"]
[Round "3"]
[White "Dourerassou, Jonathan"]
[Black "Prieto Aranguren, Alain"]
[Result "1-0"]
[WhiteElo "2422"]
[BlackElo "2181"]
[PlyCount "63"]
[EventDate "2024.05.28"]
[EventType "swiss (blitz)"]
[EventRounds "11"]
[EventCountry "USA"]
[SourceTitle "EXT 2025"]
[Source "ChessBase"]
[SourceDate "2024.10.14"]
[SourceVersion "1"]
[SourceVersionDate "2024.10.14"]
[SourceQuality "1"]

1. d4 d5 2. Bf4 Nf6 3. e3 e6 4. Nd2 Bd6 5. Bg3 0-0 6. Ngf3 c5 7. c3 Nc6 8. Bd3 b6 9. Qe2 Bb7 10. Ne5 Qc7 11. f4 Ne7 12. Bh4 Ne4 13. Nxe4 dxe4 14. Bc2 Nf5 15. Bf2 cxd4 16. exd4 e3 17. Bxe3 Nxe3 18. Qxe3 Bxg2 19. Rg1 Bb7 20. 0-0-0 g6 21. h4 f5 22. h5 Bxe5 23. fxe5 Rf7 24. hxg6 Rg7 25. gxh7+ Kh8 26. Qh6 Re8 27. Rg6 Rxh7 28. Qg5 Qf7 29. Rg1 a6 30. Bd1 b5 31. Bh5 Qe7 32. Rg8+ 1-0

[Event "Titled Tuesday intern op 28th May Late"]
[Site "Chess.com INT"]
[Date "2024.05.28"]
[Round "11"]
[White "Gokerkan, Cem Kaan"]
[Black "Dourerassou, Jonathan"]
[Result "0-1"]
[WhiteElo "2512"]
[BlackElo "2422"]
[PlyCount "82"]
[EventDate "2024.05.28"]
[EventType "swiss (blitz)"]
[EventRounds "11"]
[EventCountry "USA"]
[SourceTitle "EXT 2025"]
[Source "ChessBase"]
[SourceDate "2024.10.14"]
[SourceVersion "1"]
[SourceVersionDate "2024.10.14"]
[SourceQuality "1"]

1. e4 c5 2. c3 e5 3. Nf3 Nc6 4. Bc4 Nf6 5. Ng5 d5 6. exd5 Nxd5 7. d4 cxd4 8. Qh5 g6 9. Qf3 Be6 10. Nxe6 fxe6 11. 0-0 Bg7 12. Nd2 Rf8 13. Qh3 Nf4 14. Qxh7 Qe7 15. g3 Rh8 16. Qxh8+ Bxh8 17. gxf4 exf4 18. Ne4 Qh4 19. Bxe6 Ne5 20. f3 Ke7 21. Bb3 d3 22. Bd2 g5 23. Rae1 Kd7 24. Nc5+ Kc6 25. Ne6 Bf6 26. Rf2 Rh8 27. Nd4+ Kc7 28. Bd5 a6 29. b3 Kb6 30. Be4 Ka7 31. a4 g4 32. Bxf4 Nxf3+ 33. Nxf3 gxf3 34. Bg3 Rg8 35. Bxf3 Bxc3 36. Re4 Rxg3+ 37. hxg3 Qxg3+ 38. Bg2 d2 39. Rxd2 Bxd2 40. Re7 Be3+ 41. Kh1 Qh4+ 0-1

[Event "Titled Tuesday intern op 21st May Late"]
[Site "Chess.com INT"]
[Date "2024.05.21"]
[Round "8"]
[White "Dourerassou, Jonathan"]
[Black "Kepeshchuk, Mykhaylo"]
[Result "1-0"]
[WhiteElo "2422"]
[BlackElo "2269"]
[PlyCount "117"]
[EventDate "2024.05.21"]
[EventType "swiss (blitz)"]
[EventRounds "11"]
[EventCountry "USA"]
[SourceTitle "CBM 220 Extra"]
[Source "ChessBase"]
[SourceDate "2024.07.31"]
[SourceVersion "1"]
[SourceVersionDate "2024.07.31"]
[SourceQuality "1"]

1. e4 c5 2. Nf3 d6 3. Bb5+ Bd7 4. a4 Nf6 5. Qe2 Nc6 6. 0-0 a6 7. Bxc6 Bxc6 8. d3 g6 9. a5 Bg7 10. Nbd2 0-0 11. Nc4 Nd7 12. c3 b5 13. axb6 Nxb6 14. Na5 Bb5 15. Bg5 h6 16. Be3 Qc7 17. Qd2 Kh7 18. Ra3 Rfb8 19. h3 Na4 20. Nc4 Bxc4 21. Rxa4 Bb5 22. Ra2 a5 23. Rfa1 a4 24. d4 Bc6 25. Qd3 Qb7 26. d5 Bb5 27. Qc2 Bc4 28. Ra3 Qxb2 29. Qxb2 Rxb2 30. Rxa4 Rxa4 31. Rxa4 Bb5 32. Ra7 Bf6 33. e5 dxe5 34. Bxc5 e4 35. Nd4 Bc4 36. Rd7 Rb1+ 37. Kh2 Rc1 38. Bb4 Kg7 39. Bxe7 Bxe7 40. Rxe7 Bxd5 41. Rc7 Kf6 42. Rc5 Ke5 43. Nb5 Rd1 44. c4 f5 45. Nc3 Rd3 46. Rxd5+ Rxd5 47. cxd5 g5 48. Kg1 h5 49. Kf1 h4 50. Ke2 f4 51. f3 e3 52. Ne4 Kxd5 53. Nxg5 Ke5 54. Ne4 Kd4 55. Nd6 Ke5 56. Nb5 Kf5 57. Kd3 Ke5 58. Nc3 Kf5 59. Kd4 1-0

[Event "Titled Tuesday intern op 21st May Late"]
[Site "Chess.com INT"]
[Date "2024.05.21"]
[Round "3"]
[White "Dourerassou, Jonathan"]
[Black "Koc, Przemyslaw"]
[Result "1-0"]
[WhiteElo "2422"]
[BlackElo "2346"]
[PlyCount "127"]
[EventDate "2024.05.21"]
[EventType "swiss (blitz)"]
[EventRounds "11"]
[EventCountry "USA"]
[SourceTitle "CBM 220 Extra"]
[Source "ChessBase"]
[SourceDate "2024.07.31"]
[SourceVersion "1"]
[SourceVersionDate "2024.07.31"]
[SourceQuality "1"]

1. e4 e5 2. Nf3 Nf6 3. Nxe5 Nxe4 4. Nf3 d5 5. Nc3 Bg4 6. Be2 Nxc3 7. dxc3 Be7 8. Bf4 0-0 9. Qd2 c6 10. 0-0-0 Nd7 11. h3 Bxf3 12. Bxf3 Qa5 13. Kb1 b5 14. Rhe1 Bf6 15. g4 g6 16. Bg5 Bg7 17. Re7 Nb6 18. Be2 Na4 19. Bh6 Nxc3+ 20. bxc3 Bxc3 21. Qxc3 Qxc3 22. Bxf8 Kxf8 23. Re3 Qb4+ 24. Rb3 Qc5 25. f4 Re8 26. Bf3 a5 27. f5 a4 28. Rbd3 Re3 29. a3 Rxd3 30. Rxd3 gxf5 31. gxf5 Ke7 32. Bg4 Kf6 33. Kc1 Qf2 34. Kb2 Ke5 35. Kc1 d4 36. Kb2 c5 37. Rf3 Qe1 38. f6 Kd6 39. Bh5 c4 40. Rf5 Kc6 41. Bxf7 c3+ 42. Ka2 Qc1 43. Be8+ Kd6 44. Rxb5 Qxc2+ 45. Ka1 Qd1+ 46. Ka2 Qe2+ 47. Ka1 Qf1+ 48. Ka2 Qxf6 49. Rb6+ Ke7 50. Rxf6 Kxf6 51. Bxa4 d3 52. Bb5 d2 53. Ba4 Ke5 54. Kb1 Kd4 55. Bd1 Kc4 56. Kc2 h6 57. h4 Kd4 58. h5 Kc4 59. Bg4 Kd4 60. Be2 Ke3 61. Bd1 Kd4 62. Kb3 Kd3 63. a4 Ke3 64. Kxc3 1-0

[Event "Titled Tuesday intern op 09th Apr Late"]
[Site "Chess.com INT"]
[Date "2024.04.09"]
[Round "2"]
[White "Kovalevsky, Stanislav"]
[Black "Dourerassou, Jonathan"]
[Result "0-1"]
[WhiteElo "2128"]
[BlackElo "2416"]
[PlyCount "62"]
[EventDate "2024.04.09"]
[EventType "swiss (blitz)"]
[EventRounds "11"]
[EventCountry "USA"]
[SourceTitle "EXT 2025"]
[Source "ChessBase"]
[SourceDate "2024.10.14"]
[SourceVersion "1"]
[SourceVersionDate "2024.10.14"]
[SourceQuality "1"]

1. e4 c5 2. c3 d6 3. d4 Nf6 4. Bd3 g6 5. Nf3 Bg7 6. 0-0 0-0 7. h3 Nc6 8. Be3 a6 9. dxc5 dxc5 10. Bxc5 Qc7 11. Be3 Rd8 12. Qe2 Ne5 13. Nxe5 Qxe5 14. f4 Qe6 15. e5 Nd5 16. Bd4 Qc6 17. Nd2 Bf5 18. Ne4 Bh6 19. g4 Bd7 20. Ng5 Nxf4 21. Rxf4 Bxg5 22. Rf2 Be6 23. Raf1 Bh4 24. Rf4 Bd5 25. e6 Bxe6 26. Qe5 Rxd4 27. Qxd4 Bg3 28. R4f3 Bd6 29. b3 Bc5 30. Kg2 Bxd4 31. cxd4 Bd5 0-1

[Event "Titled Tuesday intern op 09th Apr Late"]
[Site "Chess.com INT"]
[Date "2024.04.09"]
[Round "5"]
[White "Paravyan, David"]
[Black "Dourerassou, Jonathan"]
[Result "1-0"]
[WhiteElo "2606"]
[BlackElo "2416"]
[PlyCount "131"]
[EventDate "2024.04.09"]
[EventType "swiss (blitz)"]
[EventRounds "11"]
[EventCountry "USA"]
[SourceTitle "EXT 2025"]
[Source "ChessBase"]
[SourceDate "2024.10.14"]
[SourceVersion "1"]
[SourceVersionDate "2024.10.14"]
[SourceQuality "1"]

1. e4 c5 2. Nf3 Nc6 3. d4 cxd4 4. Nxd4 Nf6 5. Nc3 e6 6. Nxc6 bxc6 7. e5 Nd5 8. Ne4 Bb7 9. Be2 Qc7 10. Nd6+ Bxd6 11. exd6 Qa5+ 12. Bd2 Qc5 13. c4 Nf6 14. Be3 Qb4+ 15. Qd2 Qxd2+ 16. Bxd2 Ne4 17. Bf4 c5 18. f3 g5 19. Be3 Nxd6 20. Bxc5 Nf5 21. Bd3 d6 22. Ba3 0-0-0 23. Bxf5 exf5 24. Kf2 d5 25. Be7 Rd7 26. Bxg5 dxc4 27. Rac1 Rc7 28. Bf4 Rc6 29. Rhe1 Rd8 30. Re7 Rd7 31. Re8+ Rd8 32. Re7 Rd7 33. Re8+ Rd8 34. Rce1 Rb6 35. Rxd8+ Kxd8 36. Be5 Kd7 37. Bc3 Bd5 38. Re5 Be6 39. Ra5 a6 40. Kg3 Ke7 41. Kf4 f6 42. Rc5 Kd6 43. Ra5 Ke7 44. a3 Rc6 45. Ra4 Bc8 46. Rb4 Kd8 47. a4 Kc7 48. a5 Bd7 49. Rb6 Rxb6 50. axb6+ Kxb6 51. Bxf6 Kc5 52. Kg5 Kb4 53. Kh6 a5 54. Kxh7 a4 55. Kg6 f4 56. Kg5 a3 57. bxa3+ Kxa3 58. Kxf4 Kb3 59. g4 c3 60. Kg3 c2 61. Bg5 Kb2 62. h4 c1Q 63. Bxc1+ Kxc1 64. h5 Kd2 65. h6 Be8 66. h7 1-0

[Event "Karlsruhe Grenke op"]
[Site "Karlsruhe"]
[Date "2024.03.31"]
[Round "7"]
[White "Dourerassou, Jonathan"]
[Black "Lutz, Ruben"]
[Result "1-0"]
[WhiteElo "2414"]
[BlackElo "2270"]
[PlyCount "132"]
[EventDate "2024.03.28"]
[EventType "swiss"]
[EventRounds "9"]
[EventCountry "GER"]
[SourceTitle "CBM 219 Extra"]
[Source "ChessBase"]
[SourceDate "2024.05.31"]
[SourceVersion "1"]
[SourceVersionDate "2024.05.31"]
[SourceQuality "1"]

1. d4 d5 2. Bf4 Nf6 3. e3 c5 4. c3 Nc6 5. Nd2 Bf5 6. Ngf3 e6 7. Ne5 cxd4 8. exd4 Nd7 9. Bb5 Ndxe5 10. Bxe5 f6 11. Bg3 Qb6 12. Qh5+ Bg6 13. Qe2 Bf7 14. Nf3 Be7 15. 0-0 0-0 16. Rfe1 Kh8 17. Bd3 Rac8 18. Rad1 Rfe8 19. Qd2 Bf8 20. Re2 Ne7 21. Rde1 Ng6 22. h4 Bd6 23. h5 Nf8 24. h6 Bxg3 25. fxg3 Bg6 26. hxg7+ Kxg7 27. Nh4 Qc7 28. Kh2 Qf7 29. Rf2 Bxd3 30. Qxd3 Qh5 31. Ref1 f5 32. Rh1 Ng6 33. Kg1 Qg4 34. Rh3 Re7 35. Qe3 Qe4 36. Qg5 Qg4 37. Rxf5 Qxg5 38. Rxg5 Rf8 39. Nf3 Rf5 40. Rxf5 exf5 41. Rh5 f4 42. Kf2 fxg3+ 43. Kxg3 Re2 44. Rxd5 Rxg2+ 45. Kxg2 Nf4+ 46. Kg3 Nxd5 47. c4 Ne3 48. b3 Kf6 49. Kf4 Ng2+ 50. Ke4 h5 51. c5 h4 52. b4 h3 53. b5 Nh4 54. a4 Nf5 55. a5 a6 56. b6 Ng3+ 57. Kd3 Nf5 58. Ke4 Ng3+ 59. Kd5 Nf5 60. Nh2 Ne3+ 61. Kd6 Nc4+ 62. Kc7 Nxa5 63. d5 Ke5 64. c6 bxc6 65. d6 Ke6 66. d7 Kd5 1-0

[Event "Titled Tuesday intern op 12th Mar Late"]
[Site "Chess.com INT"]
[Date "2024.03.12"]
[Round "6"]
[White "Dourerassou, Jonathan"]
[Black "Rian, Kapriaga"]
[Result "1-0"]
[WhiteElo "2414"]
[BlackElo "2089"]
[PlyCount "63"]
[EventDate "2024.03.12"]
[EventType "swiss (blitz)"]
[EventRounds "11"]
[EventCountry "USA"]
[SourceTitle "CBM 219 Extra"]
[Source "ChessBase"]
[SourceDate "2024.05.31"]
[SourceVersion "1"]
[SourceVersionDate "2024.05.31"]
[SourceQuality "1"]

1. d4 Nf6 2. Bg5 d5 3. Bxf6 exf6 4. e3 c6 5. Nd2 Bd6 6. g3 Nd7 7. Bg2 Nf8 8. Ne2 h5 9. h4 Bg4 10. c4 dxc4 11. Nxc4 Bc7 12. 0-0 Ne6 13. Qc2 g5 14. f3 gxh4 15. fxg4 hxg4 16. gxh4 Rxh4 17. Rfd1 Qe7 18. d5 Bh2+ 19. Kf1 Ng5 20. dxc6 bxc6 21. Bxc6+ Kf8 22. Bxa8 Nf3 23. Qf5 Kg7 24. Rd7 Qe8 25. Bd5 Ng5 26. Kg2 Bb8 27. Ng3 Rh3 28. Nd6 Bxd6 29. Rxd6 Qb8 30. Qxf6+ Kf8 31. Rd8+ Qxd8 32. Qxd8+ 1-0

[Event "Titled Tuesday intern op 27th Feb Late"]
[Site "Chess.com INT"]
[Date "2024.02.27"]
[Round "2"]
[White "Bellissimo, Joseph F"]
[Black "Dourerassou, Jonathan"]
[Result "1-0"]
[WhiteElo "2203"]
[BlackElo "2414"]
[PlyCount "113"]
[EventDate "2024.02.27"]
[EventType "swiss (blitz)"]
[EventRounds "11"]
[EventCountry "USA"]
[SourceTitle "CBM 219 Extra"]
[Source "ChessBase"]
[SourceDate "2024.05.31"]
[SourceVersion "1"]
[SourceVersionDate "2024.05.31"]
[SourceQuality "1"]

1. e4 c5 2. Nf3 e6 3. c3 Nf6 4. e5 Nd5 5. d4 cxd4 6. cxd4 d6 7. Bc4 Nb6 8. Bd3 Nc6 9. a3 Bd7 10. 0-0 Qc7 11. Nc3 dxe5 12. dxe5 Nxe5 13. Bf4 Nxf3+ 14. Qxf3 Bd6 15. Nb5 Bxb5 16. Bxb5+ Kf8 17. Rac1 Qe7 18. Bxd6 Qxd6 19. Qxb7 g6 20. Rfd1 Qf4 21. g3 Qf5 22. a4 Kg7 23. b4 Rhb8 24. Qe7 Nd5 25. Qc5 a6 26. Bc6 Rb6 27. Bxa8 Rb8 28. Bxd5 exd5 29. Qd4+ Kg8 30. Qf4 Qxf4 31. gxf4 Rxb4 32. Rxd5 Rxa4 33. f5 Kg7 34. fxg6 hxg6 35. Rd7 a5 36. Rcc7 Rf4 37. Ra7 a4 38. Kg2 g5 39. Kg3 Kg6 40. Rd6+ f6 41. Rda6 Rb4 42. Rxa4 Rb1 43. Kg2 Rb5 44. R4a6 Rf5 45. Rc6 Rf4 46. Raa6 Rf5 47. f3 Rf4 48. Kg3 Rf5 49. Rc7 Rf4 50. Raa7 Rb4 51. Rg7+ Kf5 52. Ra5+ Ke6 53. Ra6+ Ke5 54. Re7+ Kf5 55. Rf7 Kg6 56. Raxf6+ Kh5 57. Rh7# 1-0